| 000 | 00000nam##2200000za#4500 |
| 001 | 9.625356 |
| 003 | CaOODSP |
| 005 | 20200421163358 |
| 007 | ta |
| 008 | 150406|2000||||xxc||||| f|0| 0 fre|d |
| 020 | |a0-662-84818-7 |
| 040 | |aCaOODSP|bfre |
| 043 | |an-cn--- |
| 086 | 1 |aNH18-23/58F |
| 110 | 2 |aSociété canadienne d'hypothèques et de logement. |
| 245 | 10|aLes conditions de logement des personnes ayant des problèmes de santé et des limitations d'activité au Canada, en 1991 : |brétrospective |
| 260 | |aOttawa - Ontario : |bSociété canadienne d'hypothèques et de logement |
| 300 | |a4p. ; |c28 cm. |
| 490 | 1 |aLe point en recherche. Série socio-économique|v58 |
| 563 | |aDépliant |
| 590 | |a00-23|b2000-06-09 |
| 691 | 07|aLogement subventionné|2gcpds |
| 691 | 07|aPersonne handicapée|2gcpds |
| 775 | 08|tThe housing conditions of persons with health and activity limitation in Canada, 1991 : |w(CaOODSP)9.615238 |
| 776 | 0#|tLes conditions de logement des personnes ayant des problèmes de santé et des limitations d'activité au Canada, en 1991 : |w(CaOODSP)9.602164 |
| 830 | #0|aLe point en recherche. Série socio-économique ;|v58|w(CaOODSP)9.513180 |
| 986 | |aLNH 2267 |